LEADER 01342nam a2200301 u 4500 001 000000115655 003 CaOOAMICUS 005 20090513171023.0 008 090513s2009 it u000 u ita r 020 $z978-88-89736-62-3* 040 $aPUL$bita$dLDB 100 1 $aBrey Blanco, José Luis.$0(OLS)http://pul/name/71720 245 10$aRipensare il bene comune /$cJosé Luis Brey Blanco, Henri Hude, Alain Mattheeuws ; a cura di G. Richi Alberti. 260 $aVenezia :$bMarcianum Press,$cc2009. 300 $a218 p. ;$c24 cm. 490 1 $aUomo-polis-economia ;$v05 504 $aInclude riferimenti bibliografici in nota. 650 4$aBene comune.$0(OLS)http://pul/subject/12547 700 1 $aRichi Alberti, Gabriel,$d1966-$0(OLS)http://pul/name/37725 700 1 $aMattheeuws, Alain.$0(OLS)http://pul/name/71719 700 1 $aHude, Henri.$0(OLS)http://pul/name/42095 830 0$aUomo-polis-economia ;$v05.$0(OLS)http://pul/title/140069 850 $aPUL 852 $aPUL$W1$xSL Religione 3$y85$m261. 8 RICAL 1$j132623$qDDC 21$B131619$CPULBib$Z2$F131619 $H109098 $82 941 1 $a9 996 $6020$z978-88-89736-62-3*$9(OLS)http://pul/number/140663 996 $6245$aRipensare il bene comune$9(OLS)http://pul/title/145317 996 $6260$aVenezia :$bMarcianum Press$9(OLS)http://pul/publisher/79046 LEADER 01319nam a2200289 u 4500 001 000000113054 003 CaOOAMICUS 005 20080730131907.0 008 080730s2008 it u000 u ita u 020 $z978-88-6081-344-2* 040 $aPUL$bita$dLDB 100 1 $aAntiseri, Dario,$d1940-$0(OLS)http://pul/name/1978 245 10$aDialogo sulla diagnosi :$bun filosofo e un medico a confronto /$cDario Antiseri, Vito Cagli ; prefazione di Massimo Baldini. 260 $aRoma :$bArmando Editore,$cc2008. 300 $a79 p. ;$c21 cm 490 1 $aTemi del nostro tempo 504 $aNote bibliografiche. 650 4$aMedicina e filosofia.$0(OLS)http://pul/subject/22138 650 4$aChiesa cattolica$zItalia$xStoria$ySec. XIX-XX.$0(OLS)http://pul/subject/429 700 1 $aCagli, Vito,$d1926-$0(OLS)http://pul/name/69689 830 0$aTemi del nostro tempo.$0(OLS)http://pul/title/71757 850 $aPUL 852 $aPUL$W1$xSL Filosofia 3$y81$m174 ANTDA 1$j129211$qDDC 21$B128296$CPULBib$Z2$F128296 $H108106 $82 941 1 $a9 996 $6020$z978-88-6081-344-2*$9(OLS)http://pul/number/138618 996 $6245$aDialogo sulla diagnosi :$bun filosofo e un medico a confronto$9(OLS)http://pul/title/142075 996 $6260$aRoma :$bArmando Editore$9(OLS)http://pul/publisher/53653